[Event "New Delhi Parsvnath op-C 16th"]
[Site "New Delhi"]
[Date "2018.01.13"]
[Round "2"]
[White "Chodasita, Ramanjineyulu"]
[Black "Varun, DB."]
[Result "1-0"]
[WhiteElo "1391"]
[BlackElo "1578"]
[PlyCount "88"]
[EventDate "2018.01.09"]
[EventType "swiss"]
[EventRounds "10"]
[EventCountry "IND"]
[SourceTitle "CBM 182 Extra"]
[Source "ChessBase"]
[SourceDate "2018.02.23"]
[SourceVersion "1"]
[SourceVersionDate "2018.02.23"]
[SourceQuality "1"]

1. d4 c5 2. c3 Nf6 3. Nf3 e6 4. Bf4 Nc6 5. e3 d5 6. Bb5 Bd7 7. 0-0 Be7 8. Qe2 0-0 9. Nbd2 Nh5 10. Be5 g6 11. dxc5 Bxc5 12. Nb3 Be7 13. Rfd1 Nxe5 14. Nxe5 Bxb5 15. Qxb5 Qc7 16. f4 Bd6 17. Nf3 Nf6 18. Rac1 a6 19. Qe2 b5 20. Nbd2 Rac8 21. Kh1 Rfd8 22. g3 Qb7 23. h3 h5 24. Kh2 Rc7 25. a3 Rdc8 26. Ra1 Bf8 27. Ne5 a5 28. g4 Bd6 29. gxh5 Nxh5 30. Rg1 Kh7 31. Ndf3 Bxe5 32. fxe5 Rh8 33. Rg4 Rc4 34. Rag1 Qc7 35. Qg2 Rg8 36. Kh1 Rg7 37. Rg5 f6 38. Rxg6 Qf7 39. Rxg7+ Nxg7 40. b3 Re4 41. exf6 Qxf6 42. Ng5+ Kg8 43. Nxe4 dxe4 44. Qxe4 Qd8 1-0